Plan nacional de ordenamiento minero PNOM: (Registro nro. 20150)

Detalles MARC
000 -CABECERA
Campo de control 01490nam a22002417a 4500
005 - FECHA Y HORA DE LA ULTIMA TRANSACCION
Campo de control 20180803170445.0
008 - ELEMENTOS DE LONGITUD FIJA—INFORMACION GENERAL
Campo de control 180405b ck ||||| |||| 00| 0 spa d
040 ## - FUENTE DE CATALOGACIÓN
Agencia catalogadora original CO-BoIAVH
Agencia transcriptora CO-BoIAVH
041 ## - IDIOMA
Código de idioma para texto/pista de sonido o título separado Español
044 ## - PAÍS DE PUBLICACIÓN
País de publicación Colombia
082 ## - NUMERO DE CLASIFICACION DECIMAL DEWEY
Número de clasificación 711.4
Número del ítem U68p
110 10 - ASIENTO PRINCIPAL--NOMBRE CORPORATIVO
Nombre corporativo o de jurisdicción como elemento de entrada Unidad de Planeación Minero Energética
9 (RLIN) 90778
245 10 - MENCION DE TITULO
Título Plan nacional de ordenamiento minero PNOM:
Parte restante del título principios, lineamientos y acciones estratégicas
250 ## - MENCION DE EDICION
Mención de edición Editorial Kimpres Ltda
260 ## - PUBLICACION, DISTRIBUCION, ETC. (PIE DE IMPRENTA)
Lugar de publicación, distribución, etc. Bogotá:
Nombre del editor, distribuidor, etc. Ministerio de Minas y Energía,
Fecha de publicación, distribución, etc. 2014.
300 ## - DESCRIPCION FISICA
Extensión 55 páginas
505 ## - NOTA DE CONTENIDO
Nota de contenido Parte I. Introducción, retos y principios para el ordenamiento minero. - Parte ii. Lineamientos y acciones para el ordenamiento minero. - Problemas de coordinación interinstitucional y de licenciamiento. - Problemas de organización de la industria y de su regulación. - Fortalecer lo sistemas de información para la toma de decisiones y la prevención de conflictos, que se generan por ausencia de información pública. Los sistemas de formación y de innovación. - Parte III. - Resolución UPME No. 256 del 2014.
520 ## - NOTA DE RESUMEN, ETC.
Nota de resumen En este trabajo se identificaron los conflictos o problemas que enfrenta la industria minera y, en consecuencia, se realizan propuestas con el fin de lograr su aprovechamiento ordenado y responsable.
650 14 - ASIENTO SECUNDARIO DE MATERIA - TERMINO TEMATICO
Término temático o nombre geográfico como elemento de entrada Industría minera
Subdivisión geográfica Colombia
9 (RLIN) 90779
650 14 - ASIENTO SECUNDARIO DE MATERIA - TERMINO TEMATICO
Término temático o nombre geográfico como elemento de entrada Planes de conservación
Subdivisión geográfica Colombia
9 (RLIN) 90780
650 14 - ASIENTO SECUNDARIO DE MATERIA - TERMINO TEMATICO
Término temático o nombre geográfico como elemento de entrada Resolución de conflictos
9 (RLIN) 96810
942 ## - ELEMENTOS ADICIONALES (KOHA)
Sistema de clasificación Dewey Decimal Classification
Tipo de ítem Libro
Existencias
Withdrawn status Lost status Sistema de Clasificación Damaged status No para préstamo Ubicación Permanente Ubicación actual Fecha de adquisición Total Checkouts Número topográfico Inventario / Código de Barras Date last seen Ejemplar Price effective from Forma de adquisición Tipo de material
    Dewey Decimal Classification     Bogotá Bogotá 05/04/2018   LB-711.4 U68p 043201 05/04/2018 Ej. 1 05/04/2018 Canje Libro